| 000 | 00559nam a2200169Ia 4500 | ||
|---|---|---|---|
| 008 | 090711s9999 xx 000 0 und d | ||
| 082 | _b52696 | ||
| 100 | _aपरदेशी दिलीप | ||
| 245 | _aतळहातीSया नाजुक रेषा | ||
| 260 | _c1963 | ||
| 300 | _a70 | ||
| 600 | _aपरदेशी दिलीप | ||
| 630 | _aतळहातीSया नाजुक रेषा | ||
| 700 | _aपरदेशी दिलीप | ||
| 730 | _aतळहातीSया नाजुक रेषा | ||
| 942 | _cBOOK | ||
| 999 |
_c307101 _d307101 |
||